00510nam a22001697a 4500003001100000005001700011008004100028020001500069040003900084041000800123082001500131100003400146245006700180260005900247300001100306650002300317LK-CoMWRAF20231225114152.0231010b2000 |||||||| |||| 00| 0 eng d a9525265072 aLK-CoMWRAFdLK-CoMWRAFeLK-CoMWRAF aeng a305.4bAKE aÅkermark, Sia Spiliopoulou  aHuman Rights of Minority Women:ba Manual of International Law aMarirhamn:bThe Åland Islands Peace Institute,c2000 a207 p. aWOMEN-Human rights